| 000 | 00384nam a22001697a 4500 | ||
|---|---|---|---|
| 020 | _a9789359625829 | ||
| 082 |
_aM3 _bJIS/M |
||
| 100 | _aJisa Jose | ||
| 245 |
_aMudritha/ _cby Jisa Jose |
||
| 250 | _a7th ed. | ||
| 260 |
_aKottayam: _bDC books, _c2025. |
||
| 300 | _a292p. | ||
| 650 | _aNovel Malayalam | ||
| 650 | _aLiterature Malayalam | ||
| 650 | _aLiterature | ||
| 942 | _cBK | ||
| 999 |
_c181792 _d181792 |
||